Quality of Professional and Private Life during the Productive Age of Employees

EWCS - prehľad podmienok na pracovisku v členských krajinách EÚ. Rovnováha medzi profesionálnym a osobným životom z pohľadu politiky - stratégia Európa 2020 a Lisabonská zmluva. Prehľad podmienok na pracovisku a kvality pracovných pozícií na Slovensku. Psychické a psychologické riziká na pracovisku....

Celý popis

Uložené v:
Podrobná bibliografia
Hlavný autor: Trnovcová, Daniela
Médium: Kapitola
Jazyk:English
Predmet:
Tagy: Pridať tag
Žiadne tagy, Buďte prvý, kto otaguje tento záznam!

MARC

LEADER 00000nla a2200000 4500
001 0214135
005 20240502073559.5
041 0 |a eng 
044 |a SK 
245 1 0 |a Quality of Professional and Private Life during the Productive Age of Employees  |c Daniela Trnovcová 
520 |a EWCS - prehľad podmienok na pracovisku v členských krajinách EÚ. Rovnováha medzi profesionálnym a osobným životom z pohľadu politiky - stratégia Európa 2020 a Lisabonská zmluva. Prehľad podmienok na pracovisku a kvality pracovných pozícií na Slovensku. Psychické a psychologické riziká na pracovisku. Problémy a bariéry v nastolení rovnováhy medzi pracovným a súkromným životom. 
610 2 0 |a podmienky pracovné 
610 2 0 |a miesta pracovné 
610 2 0 |a čas pracovný 
100 1 |a Trnovcová, Daniela